000 01305nam0a22002891 4500
001 rc\4295730
005 20250611152321.0
021 _aRU
_b7424-60
035 _a(NLR Aleph) 008254871
090 _a8359445
_c8359445
100 _a20130416d1960 |||y0rusy50 ca
101 0 _arus
102 _aRU
105 _aa z |||||
200 1 _aУниверсальная передвижная котельная
210 _aМосква
_cГруппа науч.-техн. информации
_d1960
215 _a[1], 6 с.
_cчерт.
_d20
225 1 _aГосударственный комитет Совета Министров СССР по автоматизации и машиностроению. Государственный научно-исследовательский и проектный институт нефтяного машиностроения Гипронефтемаш. Информация
300 _aОтпеч. множит. аппаратом
300 _aПеред загл. авт.: Ц.А. Бахшиян и инж. Р.М. Щурин
700 1 _aБахшиян
_bЦ.А.
_gЦолак Аршавирович
701 1 _aЩурин
_bР.М.
801 0 _aRU
_bNLR
_gpsbo
801 1 _aRU
_bELAR
_2rusmarc
852 _aNLR
_j60-4/11067
942 _cBOOK
980 _aNB